Comparison of Gender Roles in the Slovak and the Belgian Culture diplomová práca

Uložené v:
Podrobná bibliografia
Hlavný autor: Renders, Tessa
Korporativný autor: Fakulta aplikovaných jazykov EU v Bratislave. Katedra interkultúrnej komunikácie
Ďalší autori: Hrivíková, Tatiana, 1959-
Médium: Kniha
Jazyk:English
Vydavateľské údaje: Bratislava 2024
Tagy: Pridať tag
Žiadne tagy, Buďte prvý, kto otaguje tento záznam!

MARC

LEADER 00000nbm a2200000 4500
001 0300569
005 20250919091450.2
041 0 |a eng 
044 |a SK 
245 1 0 |a Comparison of Gender Roles in the Slovak and the Belgian Culture  |b diplomová práca  |c Tessa Renders ; školiteľ: Tatiana Hrivíková 
264 1 |a Bratislava  |c 2024 
300 |a 118 s. 
100 1 |a Renders, Tessa 
700 1 |a Hrivíková, Tatiana, 1959- 
710 2 |a Fakulta aplikovaných jazykov EU v Bratislave. Katedra interkultúrnej komunikácie